000 00491nam a2200181Ia 4500
005 20250326125849.0
008 250326s9999 xx 000 0 und d
037 _aTextbook
040 _aFMSL
_beng
_cFMSL
041 _aeng
_2eng
084 _aX:8 N4
_qFMSL
100 _aCarr C R
_9739825
245 0 _aQuantitative decision procedures in management
_cCarr C R
260 _aNY
_bNY, McGraw-Hill
_c1964
300 _a383p
942 _cTB
_hX:8 N4
999 _c1279919
_d1279919